000 00649nam a22002537a 4500
003 UA-OsUOA
001 22913
007 ta
008 20031229b un ||||| |||| 00| 0 ukr d
100 _aЛемешев М.Я.
090 _a330:574
_bЛ44
942 _cBK
040 _aUA-OsUOA
_brus
_cUA-OsUOA
_dUA-OsUOA
245 _aПока не поздно...
_bРазмышления экономиста-эколога
300 _a239 с.
955 _a0
041 _arus
080 _a330:574
020 _a5-235-01571
260 _aМосква
_bМолодая гвардия
_c1991
044 _aRU
650 7 _2UDC
999 _c309145
_d309145